000 00857nam a22003017a 4500
003 CHAP
005 20220817043014.0
008 971013s1995 r 00010 d
010 _a62492
011 _a63464
035 _a67640
040 _cCHAP
082 _a340.1
_bB3Y
100 0 0 _aBatiffol, Henri.
_910808
245 _aFilosofía del derecho
260 _aMéxico, D. F. :
_bCruz O,
_c1995
300 _a123 p.
490 _aQué sé?
_v; 33
590 _aBATCH-UPD
_b10
_c20130110
_lUCH01
_h0803
590 _aBATCH-UPD
_b10
_c20130410
_lUCH01
_h0441
590 _aBATCH-UPD
_b10
_c20130914
_lUCH01
_h1142
590 _aCONVERSION
_b10
_c20130109
_lUCH01
_h1334
650 1 4 _aDerecho
_xFilosofía.
_931864
830 0 _aQué sé?
_v; 33
901 _aBK
942 _cLIBRO
949 _a340.1 B3Y
_bBC
_cLIBRO
_d33724000681706
_eLIBRO
_h92187
_i67640
_si
999 _c62492
_d62492